| 000 | 00507cam a22001457a 4500 | ||
|---|---|---|---|
| 008 | 180718b1963 xxu||||| |||| 00| 0 eng d | ||
| 082 | _aB7x62 In7 | ||
| 100 | _aAlderfer, Harold F. | ||
| 245 |
_aLocal government in the United Arab Republic _cby Harold F. Alderfer, M. Fathalla El Khatib and Moustsfa Ahmed Fahmy |
||
| 260 |
_aCairo _bInstitute of Public Administration _c1963 |
||
| 300 | _a64p. | ||
| 650 | _aLocal Government - U.A.R. | ||
| 700 | _aFahmy, Moustsfa Ahmed | ||
| 700 | _aEl Khatib, M. Fathalla | ||
| 999 |
_c480091 _d480091 |
||